000 01291nam a22003857a 4500
003 OSt
005 20230518130729.0
008 221006b |||||||| |||| 00| 0 eng d
040 _cBiblioteca Lado V
082 _a701.18
_bA658t
100 _9828
_aAraeen, Rasheed
_eeditora
245 _aThird Text/
_bCritical Perspectives on Contemporary Art & Culture/
260 _bRoutledge
_c2004
_aLondres
300 _c19x25cm
_a212p.
366 _espa
490 _a2
_v67
_v18
_x0952-8822
505 _aIan Walker
505 _aGene Ray
505 _aRasheed Araeen
505 _aDivya Tolia-Kelly and Andy Morris
505 _aJoshua Jiang
505 _aMario Pissarra
505 _aCatherine Elwes
505 _aReviews
_gAli Ahmad Angela Dimitrakaki
505 _aContributors
505 _aBooks Received
650 _2Tesauro de Arte & Arquitectura
_aARTE
_9703
650 _2Tesauro de Arte & Arquitectura
_aCRITICA
650 _2Tesauro de Arte & Arquitectura
_aARTE CONTEMPORANEO
650 _2Tesauro de Arte & Arquitectura
_aAPRECIACION
650 _2Tesauro de Arte & Arquitectura
_aTEORIA
650 _2Tesauro de Arte & Arquitectura
_aANALISIS
651 _2Tesauro de Arte & Arquitectura
_aLONDRES
942 _2ddc
_c1
_h701.18
_iA658t
_n0
999 _c3627
_d3627